| 000 | 00501nam a22002057a 4500 | ||
|---|---|---|---|
| 003 | OSt | ||
| 005 | 20140310182219.0 | ||
| 008 | 121116t xxu||||| |||| 00| 0 eng d | ||
| 020 | _a9780142406250 | ||
| 050 |
_aPZ 7 _b.D455tr 2004 |
||
| 082 |
_aFIC _bD475 2004 |
||
| 245 |
_aThe Truth Forever _cby Sarah Dessen |
||
| 260 |
_aNew York _bPenguin Group _c2004 |
||
| 300 | _b21cm | ||
| 521 | _aGrade 11-12 | ||
| 526 | _c1070L-1220L | ||
| 541 | _j1 | ||
| 562 | _e1 | ||
| 942 |
_2lcc _cBK-FIC _kFIC |
||
| 999 |
_c10685 _d10685 |
||